| 000 | 00561nam a2200169 a 4500 | ||
|---|---|---|---|
| 001 | 000033812 | ||
| 005 | 20200930070535.0 | ||
| 008 | 110912s18671868sp 000 0 spa d | ||
| 040 |
_aDO-SdBNP _bspa _cBNPHU |
||
| 082 |
_axxxx _bL217C |
||
| 100 | 1 |
_aLamartine, M. Alfonso de _959235 |
|
| 245 | 1 | 0 |
_aCristóbal Colón : _bdescubrimiento de Las América. / _cpor M. Alfonso de Lamartine ; Urbano Manini, editor. |
| 260 |
_aMadrid : _bImp. del Norte á cargo de C. Moro, _c1867-1868. |
||
| 300 |
_a4 v. ; _c21 cm. |
||
| 700 | 1 |
_aManini, Urbano _959159 |
|
| 049 | _aBNPD | ||
| 999 |
_c33303 _d33303 |
||